Culture Générale - Clic Quiz - La réponse est en emoji par IA #23 - Statistiques

Statistiques générales
  • Ce quiz a été pris 241 fois
  • Le résultat moyen est 22 sur 40
Statistiques - réponses
Hint Réponse % Correct
King Kong
95%
Michael Jackson
93%
Yoda
93%
Will Smith
91%
Chewbacca
90%
Babar
88%
Emmanuel Macron
88%
Elton John
87%
Elvis Presley
83%
Edouard Philippe
82%
Tom Sawyer
81%
Stuart Little
80%
Aristote
76%
Martin Fourcade
74%
Michel Drucker
72%
Jon Snow
71%
Jake Gyllenhaal
62%
Andrea Pirlo
59%
Jean-Marc Ayrault
54%
Romain Grosjean
54%
Jules Verne
53%
Gustave Flaubert
50%
Filippo Inzaghi
46%
Doc Emmett Brown
45%
Jacques Mesrine
44%
Kawhi Leonard
39%
Tommy Lee Jones
35%
Samwell Tarly
34%
Gregor Clegane
33%
Euron Greyjoy
32%
Don Cheadle
28%
Riz Ahmed
25%
Steven Adams
23%
Billy Joel
19%
Bill Paxton
16%
Max Weber
16%
Romain Gary
13%
Bill de Blasio
12%
Renzo Piano
11%
Kiko Loureiro
10%
Aucun quiz correspondant
Distribution des résultats
% des personnes avec chaque résultat
Percentile par nombre de réponses
Votre historique - résultats
Vous n’avez pas pris ce quiz